Surveillance nemocničných nákaz XVII. ročník odbornej konferencie : recenzovaný zborník z prednášok a posterov konferencie

Bibliographic Details
Corporate Author: Surveillance nemocničných nákaz Tále, Slovensko
Other Authors: Avdičová, Mária, 1948- (Editor), Lokša, Pavol (Editor)
Format: Conference Proceeding Software eBook
Language:Slovak
PhysicalDescription:1 elektronický optický disk (CD-ROM) 12 cm
Published: Bratislava A-medi management 2015
ISBN:9788089797042 (elektronická kniha)
Edition:1. vyd.
Subjects:

MARC

LEADER 00000nam a2200000 a 4500
001 vtls011466676
003 SK-MaSNL
005 20260301140303.0
007 co bg auuua
008 160114s2015 xo | fsa 100 0 slo
015 |a SNBS2016 
020 |a 9788089797042 (elektronická kniha) 
040 |a SNK  |b slo  |c SNK  |e AACR2 
041 0 |a slo 
044 |a xo  |c SK 
072 7 |a 616  |x Patológia. Klinická medicína  |2 konspekt 
080 |a 616-022.6/.7  |2 2011 
080 |a (048.3)  |2 2011 
080 |a (0.034.44)  |2 2011 
080 |a (062.534)  |2 2011 
111 2 |a Surveillance nemocničných nákaz  |n (17. :  |d 2015 :  |c Tále, Slovensko)  |9 492748 
245 1 0 |a Surveillance nemocničných nákaz  |h elektronický zdroj  |b XVII. ročník odbornej konferencie : recenzovaný zborník z prednášok a posterov konferencie  |c editori Mária Avdičová, Pavol Lokša 
250 |a 1. vyd. 
260 |a Bratislava  |b A-medi management  |c 2015 
300 |a 1 elektronický optický disk (CD-ROM)  |c 12 cm 
500 |a Názov z titulnej obrazovky 
516 |a Textový dokument (zborník), súbor vo formáte pdf 
538 |a Technické požiadavky: PDF prehliadač 
650 0 7 |a nozokomiálne infekcie  |2 SNKPH  |9 67659 
650 0 7 |a Nosocomial infections  |2 SNKPHeng  |9 343125 
655 7 |a elektronické zdroje  |2 SNKPH  |9 90954 
655 7 |a CD-ROM  |2 SNKPH  |9 70236 
655 7 |a zborníky konferencií  |2 SNKPH  |9 70153 
655 7 |a abstrakty  |2 SNKPH  |9 22516 
655 7 |a Proceedings of conferences  |2 SNKPHeng  |9 265791 
655 7 |a Electronic resources  |2 SNKPHeng  |9 175546 
655 7 |a Abstracts  |2 SNKPHeng  |9 275616 
700 1 |a Avdičová, Mária,  |d 1948-  |4 edt  |9 42071 
700 1 |a Lokša, Pavol  |4 edt  |9 492749 
919 |a 978-80-89797-04-2 
958 |a MI 
999 |c 763142  |d 765072 
952 |a SNK  |b SNK  |y PREZ  |7 0  |p 17A1177345  |o snkSCDM 8016  |i snk2016/743  |8 0  |0 0  |1 0  |4 0  |d 2016-01-14  |l 0  |r 2026-02-24 00:10:32  |w 2026-02-24 
952 |t snkSUR 616-022.3  |a SNKMST  |b SNKMST  |y PREZ  |7 0  |p 17A1177346  |o snkSCDM 8016 D1  |i snk2016/744  |8 0  |0 0  |1 0  |4 0  |d 2016-01-14  |l 0  |r 2025-08-12 00:00:00  |w 2026-02-24